On understanding japanese religion

Guardado en:
Detalles Bibliográficos
Autor principal: Kitagawa, Joseph M (Autor)
Formato: Libro
Lenguaje:inglés
Publicado: Princeton Princeton University 1987
Materias:
Etiquetas: Agregar Etiqueta
Sin Etiquetas, Sea el primero en etiquetar este registro!

MARC

LEADER 00000nam a2200000 a 4500
001 UCX9716
003 CL-VaPUC
008 940622e19870000US |||||||||||||||||eng|d
082 0 4 |a 299.56  |b KIT  |2 21 
100 |a Kitagawa, Joseph M  |e author  |9 433339 
245 1 0 |a On understanding japanese religion 
300 |a 343 p 
942 |c BK 
945 |d 19940622 00:00:00  |a aalvarez 
260 |a Princeton  |b Princeton University  |c 1987 
650 0 |a Religión   |9 255164 
651 0 |a Japón   |9 260391 
583 |a last modification  |c 20120812 04:13:46  |k Rodrigo Vera 
999 |c 228879  |d 228877 
952 |0 0  |1 0  |4 0  |6 299_560000000000000_KIT_1987  |7 0  |8 A  |9 229363  |a BIBGIM  |b BIBGIM  |d 2019-11-15  |i 2985381  |o 299.56 KIT 1987  |p 2985381  |r 2025-01-15  |w 2019-11-15  |y BK  |k ORI